000 00608nam a2200241Ia 4500
003 OSt
005 20221006142705.0
006 a|||||r|||| 00| 0
007 ta
008 221006b |||||||| |||| 00| 0 eng d
020 _c143.00
024 _a6,955
037 _cTextual
040 _aEASL
_cEASL
_beng
041 _2eng
_aeng
082 _aP42, L0
100 _aPRIDEAUX Gary Dean
_9648189
245 0 _aSyntax of Japanese honorifics
260 _aParis
_bMouton
_c1970
300 _a108p.
_ccm.
942 _hP42, L0
_cTEXL
_2CC
999 _c1075041
_d1075041